[Event "H. C. Andersen Mindgames"]
[Site "?"]
[Date "2012.05.17"]
[Round "3.1"]
[White "Bromann, 2411, IM Thorbjorn"]
[Black "Aagaard, 2505, GM Jacob"]
[Result "1/2-1/2"]
[LiveChessVersion "1.3.1"]
[BlackElo "2505"]
[WhiteElo "2411"]

1. d4 Nf6 2. Nc3 d5 3. Bg5 c6 4. Qd2 Nbd7 5. f3 Qa5 6. e4 dxe4 7. Nxe4 Qxd2+ 8.
Nxd2 e6 9. O-O-O h6 10. Bh4 c5 11. Bf2 cxd4 12. Bxd4 Bc5 13. Nb3 Bxd4 14. Rxd4 b6
15. Ne2 Bb7 16. Nc3 Ke7 17. Be2 g5 18. Re1 h5 19. Nd2 g4 20. g3 Ne5 21. f4 Nc6
22. Ra4 Rhd8 23. f5 Nd4 24. fxe6 Nxe6 25. Bd3 Kf8 26. Rf1 Kg7 27. Ne2 Nd5 28. Be4
Nc5 29. Bxd5 Bxd5 30. Raf4 Rac8 31. Nc3 Be6 32. Nde4 Nxe4 33. Nxe4 Bxa2 34. Rf5
Rd4 35. Rg5+ Kf8 36. Rxh5 Rc6 37. Nc3 1/2-1/2

[Event "H. C. Andersen Mindgames"]
[Site "?"]
[Date "2012.05.17"]
[Round "3.3"]
[White "Lund, 2401, IM Silas"]
[Black "Smith, 2483, IM Axel"]
[Result "0-1"]
[LiveChessVersion "1.3.1"]
[BlackElo "2483"]
[WhiteElo "2401"]

1. Nf3 {[%clk 1:30:57]} c5 {[%clk 1:27:32]} 2. c4 {[%clk 1:30:51]} Nc6
{[%clk 1:27:54]} 3. d4 {[%clk 1:29:16]} cxd4 {[%clk 1:28:21]} 4. Nxd4
{[%clk 1:29:41]} e5 {[%clk 1:28:40]} 5. Nc2 {[%clk 1:28:56]} Nf6 {[%clk 1:26:20]}
6. g3 {[%clk 1:18:29]} d5 {[%clk 1:22:29]} 7. cxd5 {[%clk 1:18:50]} Qxd5
{[%clk 1:13:39]} 8. Qxd5 {[%clk 1:18:15]} Nxd5 {[%clk 1:14:08]} 9. Bg2
{[%clk 1:17:52]} Be6 {[%clk 1:14:33]} 10. Bd2 {[%clk 1:13:23]} Nd4
{[%clk 1:05:32]} 11. Nba3 {[%clk 1:04:51]} Nxc2+ {[%clk 0:47:24]} 12. Nxc2
{[%clk 1:05:15]} Bc5 {[%clk 0:45:59]} 13. O-O {[%clk 0:58:52]} Rc8
{[%clk 0:43:50]} 14. Rfc1 {[%clk 0:53:32]} Ke7 {[%clk 0:43:25]} 15. Bxd5
{[%clk 0:37:30]} Bxd5 {[%clk 0:43:52]} 16. Ne3 {[%clk 0:37:53]} Be6
{[%clk 0:34:36]} 17. Rxc5 {[%clk 0:35:48]} Rxc5 {[%clk 0:35:04]} 18. Bb4
{[%clk 0:36:11]} Rhc8 {[%clk 0:35:24]} 19. Rc1 {[%clk 0:33:05]} Kd6
{[%clk 0:35:43]} 20. Nc4+ {[%clk 0:25:49]} Kd7 {[%clk 0:30:25]} 21. Bxc5
{[%clk 0:26:12]} Rxc5 {[%clk 0:30:51]} 22. Rd1+ {[%clk 0:26:32]} Kc6
{[%clk 0:27:09]} 23. Ne3 {[%clk 0:25:28]} Bxa2 {[%clk 0:26:46]} 24. Ra1
{[%clk 0:25:11]} Be6 {[%clk 0:24:47]} 25. Rxa7 {[%clk 0:25:28]} Rc1+
{[%clk 0:24:32]} 26. Kg2 {[%clk 0:25:53]} Rb1 {[%clk 0:24:43]} 27. Ra8
{[%clk 0:17:41]} Rxb2 {[%clk 0:25:06]} 28. Rh8 {[%clk 0:18:04]} b5
{[%clk 0:10:02]} 29. Rxh7 b4 30. Rxg7 {[%clk 0:17:44]} b3 {[%clk 0:11:00]} 31.
Rg8 {[%clk 0:14:48]} Kc7 {[%clk 0:11:25]} 32. h4 {[%clk 0:10:13]} Rd2
{[%clk 0:10:44]} 0-1

[Event "H. C. Andersen Mindgames"]
[Site "?"]
[Date "2012.05.17"]
[Round "3.4"]
[White "Haub, 2476, IM Thorsten Michael"]
[Black "Fries-Nielsen, 2326, Niels Jorgen"]
[Result "1/2-1/2"]
[LiveChessVersion "1.3.1"]
[BlackElo "2326"]
[WhiteElo "2476"]

1. g3 {[%clk 1:30:59]} c5 {[%clk 1:26:51]} 2. Bg2 {[%clk 1:31:17]} Nc6
{[%clk 1:27:11]} 3. d3 {[%clk 1:31:16]} g6 {[%clk 1:27:16]} 4. Nf3
{[%clk 1:31:26]} Bg7 {[%clk 1:27:43]} 5. e4 {[%clk 1:31:44]} Nf6 {[%clk 1:25:28]}
6. O-O {[%clk 1:31:50]} O-O {[%clk 1:25:44]} 7. c3 {[%clk 1:32:04]} d6
{[%clk 1:25:48]} 8. Re1 {[%clk 1:28:00]} Rb8 {[%clk 1:24:01]} 9. d4
{[%clk 1:24:17]} e5 {[%clk 1:19:54]} 10. dxc5 {[%clk 1:22:00]} dxc5
{[%clk 1:20:21]} 11. Nbd2 {[%clk 1:16:05]} h6 {[%clk 1:16:26]} 12. Qc2
{[%clk 1:06:52]} Be6 {[%clk 1:15:34]} 13. Nf1 {[%clk 1:00:11]} Qc7
{[%clk 1:15:36]} 14. N3d2 {[%clk 0:52:14]} Rfd8 {[%clk 1:15:17]} 15. Ne3
{[%clk 0:51:30]} b5 {[%clk 1:14:13]} 16. Nb3 {[%clk 0:51:06]} Bf8
{[%clk 1:12:22]} 17. Nd2 {[%clk 0:46:57]} 1/2-1/2

[Event "H. C. Andersen Mindgames"]
[Site "?"]
[Date "2012.05.17"]
[Round "3.5"]
[White "Hagen, 2455, IM Andreas Skytte"]
[Black "Ochsner, 2285, Bjorn Moller"]
[Result "0-1"]
[LiveChessVersion "1.3.1"]
[BlackElo "2285"]
[WhiteElo "2445"]

1. g3 c5 {[%clk 1:28:45]} 2. c4 {[%clk 1:30:49]} Nc6 {[%clk 1:28:52]} 3. Bg2
{[%clk 1:31:09]} g6 {[%clk 1:29:12]} 4. Nc3 {[%clk 1:31:33]} Bg7 {[%clk 1:29:36]}
5. Nf3 {[%clk 1:31:59]} e6 {[%clk 1:30:01]} 6. d3 {[%clk 1:31:29]} Nge7
{[%clk 1:29:25]} 7. Bg5 {[%clk 1:31:52]} h6 {[%clk 1:27:46]} 8. Bd2
{[%clk 1:32:17]} O-O {[%clk 1:25:34]} 9. a3 {[%clk 1:31:39]} d6 {[%clk 1:07:49]}
10. O-O {[%clk 1:30:53]} Qd7 {[%clk 1:06:58]} 11. Rb1 {[%clk 1:29:08]} b6
{[%clk 1:07:17]} 12. b4 {[%clk 1:27:19]} Bb7 {[%clk 1:06:59]} 13. e3
{[%clk 1:23:35]} Rac8 {[%clk 1:02:07]} 14. Qb3 {[%clk 1:20:36]} Rfd8
{[%clk 0:56:58]} 15. Rfd1 {[%clk 1:18:37]} g5 {[%clk 0:47:21]} 16. h3
{[%clk 1:12:11]} Ng6 {[%clk 0:45:23]} 17. Be1 {[%clk 0:57:46]} Nce5
{[%clk 0:36:31]} 18. Nxe5 {[%clk 0:43:26]} Nxe5 {[%clk 0:34:30]} 19. e4
{[%clk 0:42:26]} Rf8 {[%clk 0:29:08]} 20. f4 {[%clk 0:33:54]} gxf4
{[%clk 0:24:25]} 21. gxf4 {[%clk 0:33:49]} Ng6 {[%clk 0:23:07]} 22. Bg3
{[%clk 0:33:17]} f5 {[%clk 0:20:31]} 23. Rf1 {[%clk 0:29:42]} e5 {[%clk 0:14:08]}
24. bxc5 {[%clk 0:13:40]} dxc5 {[%clk 0:12:20]} 25. Nd5 {[%clk 0:13:30]} exf4
{[%clk 0:08:12]} 26. Nxf4 {[%clk 0:08:33]} Nxf4 {[%clk 0:07:41]} 27. Rxf4
{[%clk 0:07:25]} fxe4 {[%clk 0:02:18]} 28. dxe4 {[%clk 0:07:37]} Rxf4
{[%clk 0:01:10]} 29. Bxf4 {[%clk 0:08:01]} Re8 {[%clk 0:00:34]} 30. Re1
{[%clk 0:06:08]} Qd4+ {[%clk 0:00:33]} 31. Be3 {[%clk 0:06:14]} Qc3
{[%clk 0:00:34]} 32. Qxc3 {[%clk 0:05:28]} Bxc3 {[%clk 0:01:03]} 33. Rd1
{[%clk 0:04:05]} Bxe4 {[%clk 0:00:43]} 34. Bxh6 {[%clk 0:04:08]} Bd4+
{[%clk 0:00:52]} 35. Kh1 {[%clk 0:04:01]} Kh7 {[%clk 0:00:38]} 36. Bd2
{[%clk 0:03:09]} Bc2 {[%clk 0:00:42]} 37. Re1 {[%clk 0:01:08]} Rxe1+
{[%clk 0:00:39]} 38. Bxe1 {[%clk 0:01:34]} Bb3 {[%clk 0:00:43]} 39. Bf1
{[%clk 0:01:28]} Bb2 {[%clk 0:00:51]} 40. Bg3 {[%clk 0:01:52]} Bxa3
{[%clk 0:00:48]} 41. Bb8 {[%clk 0:02:18]} a5 {[%clk 0:00:55]} 42. Bd3+
{[%clk 0:02:25]} Kg7 {[%clk 0:01:08]} 43. Bc7 {[%clk 0:02:34]} a4
{[%clk 0:01:14]} 44. Bxb6 {[%clk 0:03:00]} Bb4 {[%clk 0:01:11]} 45. Bc7
{[%clk 0:00:50]} Bc3 {[%clk 0:01:25]} 46. Bd6 {[%clk 0:00:33]} a3
{[%clk 0:01:45]} 47. Bb1 {[%clk 0:00:54]} Bd4 {[%clk 0:02:13]} 48. Kg2
{[%clk 0:00:46]} a2 {[%clk 0:02:33]} 49. Bxa2 {[%clk 0:01:13]} Bxa2
{[%clk 0:02:59]} 50. Kf3 {[%clk 0:01:34]} Bxc4 {[%clk 0:03:22]} 51. Ke4
{[%clk 0:01:57]} Kf6 {[%clk 0:03:09]} 52. Bg3 {[%clk 0:02:10]} Ke6
{[%clk 0:03:19]} 53. h4 {[%clk 0:02:33]} Be2 {[%clk 0:03:27]} 54. Be1
{[%clk 0:01:08]} Bd1 {[%clk 0:03:08]} 55. Kd3 {[%clk 0:01:26]} Kd5
{[%clk 0:03:31]} 56. Kd2 {[%clk 0:01:37]} Bh5 {[%clk 0:03:54]} 57. Kc2
{[%clk 0:01:33]} Ke4 {[%clk 0:04:14]} 58. Bg3 {[%clk 0:01:55]} c4
{[%clk 0:04:31]} 59. Be1 {[%clk 0:02:06]} Bg6 {[%clk 0:04:08]} 60. Kc1
{[%clk 0:02:09]} Kd3 {[%clk 0:04:28]} 61. Bg3 {[%clk 0:00:36]} c3
{[%clk 0:04:37]} 0-1

[Event "H. C. Andersen Mindgames"]
[Site "?"]
[Date "2012.05.17"]
[Round "3.6"]
[White "Georgiev, 2555, GM Vladimir"]
[Black "Pedersen, 2138, Nicolai Kvist Brondt"]
[Result "1-0"]
[LiveChessVersion "1.3.1"]
[BlackElo "2138"]
[WhiteElo "2555"]

1. d4 {[%clk 1:30:44]} d5 {[%clk 1:30:47]} 2. Bf4 {[%clk 1:31:08]} Nf6
{[%clk 1:30:52]} 3. e3 {[%clk 1:31:30]} Bf5 {[%clk 1:30:30]} 4. c4
{[%clk 1:31:22]} c6 {[%clk 1:27:21]} 5. Nc3 {[%clk 1:31:15]} Nbd7
{[%clk 1:19:58]} 6. Nf3 {[%clk 1:29:20]} e6 {[%clk 1:16:25]} 7. Qb3
{[%clk 1:29:25]} Qb6 {[%clk 1:15:42]} 8. c5 {[%clk 1:29:48]} Qxb3
{[%clk 1:15:51]} 9. axb3 {[%clk 1:30:16]} Nh5 {[%clk 1:00:25]} 10. b4
{[%clk 1:29:20]} Nxf4 {[%clk 1:00:00]} 11. exf4 {[%clk 1:29:45]} f6
{[%clk 0:58:23]} 12. b5 {[%clk 1:28:47]} Bg4 {[%clk 0:57:46]} 13. b4
{[%clk 1:26:54]} e5 {[%clk 0:55:46]} 14. fxe5 {[%clk 1:18:56]} Bxf3
{[%clk 0:55:51]} 15. e6 {[%clk 1:18:09]} Nxc5 {[%clk 0:53:45]} 16. bxc5
{[%clk 1:18:27]} Bg4 {[%clk 0:53:09]} 17. bxc6 {[%clk 1:18:41]} bxc6
{[%clk 0:53:36]} 18. Ra6 {[%clk 1:18:20]} Rc8 {[%clk 0:53:22]} 19. Rxc6
{[%clk 1:16:10]} Rxc6 {[%clk 0:48:00]} 20. Bb5 {[%clk 1:16:30]} Bxe6
{[%clk 0:47:56]} 21. Bxc6+ {[%clk 1:16:54]} Kf7 {[%clk 0:48:02]} 22. Bxd5
{[%clk 1:15:32]} Bxd5 {[%clk 0:47:27]} 23. Nxd5 {[%clk 1:15:55]} Be7
{[%clk 0:47:35]} 24. Nxe7 {[%clk 1:15:33]} Kxe7 {[%clk 0:47:58]} 25. Kd2
{[%clk 1:15:57]} Ke6 {[%clk 0:47:04]} 26. Ra1 {[%clk 1:14:48]} Kd5
{[%clk 0:43:17]} 27. Kc3 {[%clk 1:15:03]} Re8 {[%clk 0:42:25]} 28. Rxa7
{[%clk 1:14:20]} Re2 {[%clk 0:41:46]} 29. Ra6 {[%clk 1:12:01]} Re1
{[%clk 0:40:32]} 30. Rd6+ {[%clk 1:12:16]} 1-0

[Event "H. C. Andersen Mindgames"]
[Site "?"]
[Date "2012.05.17"]
[Round "3.7"]
[White "Dirlis, 1852, Nikolaos"]
[Black "Maksimenko, 2554, GM Andrei"]
[Result "0-1"]
[LiveChessVersion "1.3.1"]
[BlackElo "2554"]
[WhiteElo "1852"]

1. Nf3 {[%clk 1:29:49]} c5 {[%clk 1:30:00]} 2. g3 {[%clk 1:30:06]} Nc6
{[%clk 1:29:53]} 3. Bg2 {[%clk 1:30:00]} e5 {[%clk 1:29:32]} 4. O-O
{[%clk 1:29:33]} g6 {[%clk 1:28:49]} 5. d3 {[%clk 1:29:11]} Bg7 {[%clk 1:29:05]}
6. c4 {[%clk 1:29:32]} Nge7 {[%clk 1:29:24]} 7. Nc3 {[%clk 1:29:53]} O-O
{[%clk 1:29:32]} 8. Ne1 {[%clk 1:29:42]} a6 {[%clk 1:22:35]} 9. Bg5
{[%clk 1:26:41]} f6 {[%clk 1:22:22]} 10. Be3 {[%clk 1:27:03]} d6 {[%clk 1:20:46]}
11. Nc2 {[%clk 1:27:22]} Rb8 {[%clk 1:19:52]} 12. a4 {[%clk 1:27:33]} Be6
{[%clk 1:13:49]} 13. Nd5 {[%clk 1:27:53]} b5 {[%clk 1:10:48]} 14. axb5
{[%clk 1:28:13]} axb5 {[%clk 1:11:14]} 15. b3 {[%clk 1:28:30]} Qd7
{[%clk 0:50:26]} 16. Qd2 {[%clk 1:24:58]} bxc4 {[%clk 0:19:53]} 17. Nxe7+
{[%clk 1:22:02]} Nxe7 {[%clk 0:19:50]} 18. bxc4 {[%clk 1:22:23]} Rfc8
{[%clk 0:15:30]} 19. Rfb1 {[%clk 1:20:22]} Rxb1+ {[%clk 0:05:39]} 20. Rxb1
{[%clk 1:20:42]} d5 {[%clk 0:05:58]} 21. cxd5 {[%clk 1:19:27]} Nxd5
{[%clk 0:06:04]} 22. Rc1 {[%clk 1:14:09]} Nxe3 {[%clk 0:04:23]} 23. Qxe3
{[%clk 1:11:17]} c4 {[%clk 0:03:59]} 24. dxc4 {[%clk 1:10:59]} Rxc4
{[%clk 0:04:01]} 25. Ne1 {[%clk 1:09:12]} f5 {[%clk 0:04:18]} 26. Nd3
{[%clk 1:02:19]} e4 {[%clk 0:04:39]} 27. Nc5 {[%clk 1:00:22]} Qd4
{[%clk 0:02:59]} 28. Nxe6 {[%clk 0:52:00]} Qxe3 {[%clk 0:03:23]} 29. Rxc4
{[%clk 0:52:20]} Qxe2 {[%clk 0:03:45]} 30. Bf1 {[%clk 0:52:35]} Qd2
{[%clk 0:02:29]} 31. Rc8+ {[%clk 0:51:35]} Kf7 {[%clk 0:02:57]} 32. Bc4
{[%clk 0:51:31]} Bb2 {[%clk 0:03:04]} 33. h4 {[%clk 0:46:16]} Ke7
{[%clk 0:02:31]} 34. Nf4 {[%clk 0:45:16]} Bd4 {[%clk 0:02:16]} 35. Be2
{[%clk 0:40:26]} Qe1+ {[%clk 0:02:27]} 0-1

[Event "H. C. Andersen Mindgames"]
[Site "?"]
[Date "2012.05.17"]
[Round "3.8"]
[White "Fries-Nielsen, 2363, IM Jens Ove"]
[Black "Carlstedt, 2354, IM Jonathan"]
[Result "1/2-1/2"]
[LiveChessVersion "1.3.1"]
[BlackElo "2354"]
[WhiteElo "2363"]

1. e4 {[%clk 1:30:42]} c5 {[%clk 1:30:52]} 2. Nc3 {[%clk 1:30:59]} Nc6
{[%clk 1:31:00]} 3. g3 {[%clk 1:30:57]} e6 {[%clk 1:29:04]} 4. Bg2
{[%clk 1:30:37]} Nf6 {[%clk 1:29:26]} 5. d3 {[%clk 1:29:42]} d5 {[%clk 1:28:36]}
6. f4 {[%clk 1:27:50]} dxe4 {[%clk 1:28:00]} 7. dxe4 {[%clk 1:15:44]} Qxd1+
{[%clk 1:25:10]} 8. Nxd1 {[%clk 1:13:23]} Bd7 {[%clk 1:21:30]} 9. Ne3
{[%clk 1:11:20]} O-O-O {[%clk 1:20:17]} 10. c3 {[%clk 1:09:29]} e5
{[%clk 1:14:48]} 11. Ne2 {[%clk 1:03:23]} Bd6 {[%clk 1:13:41]} 12. f5
{[%clk 1:02:01]} Na5 {[%clk 1:11:42]} 13. g4 {[%clk 0:55:58]} 1/2-1/2

[Event "H. C. Andersen Mindgames"]
[Site "?"]
[Date "2012.05.17"]
[Round "3.10"]
[White "Jacobsen, 2337, Bo"]
[Black "Poulsen, 2084, Iver"]
[Result "1-0"]
[LiveChessVersion "1.3.1"]
[BlackElo "2084"]
[WhiteElo "2337"]

1. c4 {[%clk 1:30:29]} e6 {[%clk 1:30:20]} 2. g3 {[%clk 1:30:53]} d5
{[%clk 1:30:31]} 3. Bg2 {[%clk 1:31:05]} Nf6 {[%clk 1:30:34]} 4. Nf3
{[%clk 1:31:29]} Be7 {[%clk 1:30:41]} 5. O-O {[%clk 1:31:49]} O-O
{[%clk 1:30:58]} 6. d4 {[%clk 1:32:04]} Ne4 {[%clk 1:30:42]} 7. Nc3
{[%clk 1:32:18]} f5 {[%clk 1:29:42]} 8. Qc2 {[%clk 1:27:34]} c6 {[%clk 1:27:32]}
9. Rb1 {[%clk 1:26:13]} a5 {[%clk 1:20:10]} 10. b3 {[%clk 1:21:11]} b6
{[%clk 1:16:14]} 11. Ne5 {[%clk 1:16:05]} Bb7 {[%clk 1:14:44]} 12. Na4
{[%clk 1:14:16]} b5 {[%clk 1:06:58]} 13. cxb5 {[%clk 1:10:28]} cxb5
{[%clk 1:07:24]} 14. Nc5 {[%clk 1:10:52]} Nxc5 {[%clk 1:04:42]} 15. dxc5
{[%clk 1:11:08]} Qc7 {[%clk 1:02:09]} 16. Nd3 {[%clk 1:11:09]} Nd7
{[%clk 0:55:53]} 17. Be3 {[%clk 0:57:55]} Rfc8 {[%clk 0:41:35]} 18. Rfc1
{[%clk 0:56:57]} Ra6 {[%clk 0:40:48]} 19. a3 {[%clk 0:53:11]} Bf6
{[%clk 0:35:04]} 20. b4 {[%clk 0:50:42]} d4 {[%clk 0:31:07]} 21. Bf4
{[%clk 0:43:03]} e5 {[%clk 0:30:05]} 22. Qb3+ {[%clk 0:37:05]} Kh8
{[%clk 0:28:55]} 23. Bxb7 {[%clk 0:37:27]} Qxb7 {[%clk 0:29:14]} 24. Bd2
{[%clk 0:37:28]} a4 {[%clk 0:22:52]} 25. Qf7 {[%clk 0:34:05]} Rf8
{[%clk 0:22:34]} 26. Qa2 {[%clk 0:34:26]} Qe4 {[%clk 0:21:45]} 27. Re1
{[%clk 0:31:45]} Bd8 {[%clk 0:19:19]} 28. Rbc1 {[%clk 0:27:06]} Qc6
{[%clk 0:17:05]} 29. e3 {[%clk 0:10:28]} e4 {[%clk 0:15:59]} 30. exd4
{[%clk 0:09:21]} exd3 {[%clk 0:13:52]} 31. d5 {[%clk 0:09:48]} Qg6
{[%clk 0:11:48]} 32. c6 {[%clk 0:09:18]} Nf6 {[%clk 0:10:32]} 33. d6
{[%clk 0:07:45]} Ng4 {[%clk 0:07:22]} 34. c7 {[%clk 0:01:57]} Qh5
{[%clk 0:05:13]} 35. h4 {[%clk 0:02:25]} Bxh4 {[%clk 0:05:03]} 36. Kg2
{[%clk 0:01:59]} Bf6 {[%clk 0:03:11]} 37. Rh1 {[%clk 0:02:26]} Qe8
{[%clk 0:03:35]} 38. c8=Q {[%clk 0:02:04]} Qe4+ {[%clk 0:03:41]} 39. Kg1
{[%clk 0:01:50]} Ra8 {[%clk 0:03:38]} 40. Qc6 {[%clk 0:01:49]} Qe2
{[%clk 0:04:02]} 41. Qg2 {[%clk 0:01:28]} Bd4 {[%clk 0:04:22]} 42. Rf1
{[%clk 0:01:18]} Rac8 {[%clk 0:04:13]} 43. Qad5 {[%clk 0:01:12]} Bf6
{[%clk 0:03:36]} 44. Qgf3 {[%clk 0:01:01]} Qxd2 {[%clk 0:03:37]} 45. Qfxd3
{[%clk 0:01:00]} Qb2 {[%clk 0:03:30]} 46. Q5xf5 {[%clk 0:01:15]} 1-0

[Event "H. C. Andersen Mindgames"]
[Site "?"]
[Date "2012.05.17"]
[Round "3.11"]
[White "Rostgaard, 2255, Tobias Valentin"]
[Black "Bonnelykke, 2027, Ole"]
[Result "1-0"]
[LiveChessVersion "1.3.1"]
[BlackElo "2027"]
[WhiteElo "2255"]

1. e4 {[%clk 1:30:55]} e6 {[%clk 1:30:13]} 2. d4 {[%clk 1:31:12]} d5
{[%clk 1:30:36]} 3. Nc3 {[%clk 1:31:37]} Bb4 {[%clk 1:30:55]} 4. e5
{[%clk 1:32:03]} Qd7 {[%clk 1:31:12]} 5. Bd2 {[%clk 1:31:46]} b6 {[%clk 1:30:47]}
6. Bb5 {[%clk 1:31:15]} c6 {[%clk 1:30:37]} 7. Ba4 {[%clk 1:31:41]} a5
{[%clk 1:21:29]} 8. a3 {[%clk 1:30:51]} Bxc3 {[%clk 1:20:21]} 9. Bxc3
{[%clk 1:31:06]} Ne7 {[%clk 1:17:49]} 10. Ne2 {[%clk 1:30:28]} Ba6
{[%clk 1:16:52]} 11. Bd2 {[%clk 1:29:33]} Bc4 {[%clk 1:16:08]} 12. c3
{[%clk 1:29:21]} Bd3 {[%clk 1:14:32]} 13. Nf4 {[%clk 1:29:34]} Bg6
{[%clk 1:12:32]} 14. h4 {[%clk 1:29:50]} h6 {[%clk 1:11:55]} 15. Nxg6
{[%clk 1:29:39]} fxg6 {[%clk 1:10:02]} 16. Qg4 {[%clk 1:27:55]} Na6
{[%clk 1:03:34]} 17. Bc2 {[%clk 1:27:46]} O-O-O {[%clk 1:01:56]} 18. b4
{[%clk 1:24:57]} axb4 {[%clk 1:01:52]} 19. axb4 {[%clk 1:25:13]} Kb7
{[%clk 1:01:34]} 20. Bxg6 {[%clk 1:23:09]} Nxg6 {[%clk 1:00:18]} 21. Qxg6
{[%clk 1:23:33]} Nc7 {[%clk 0:59:57]} 22. O-O {[%clk 1:23:40]} Nb5
{[%clk 0:59:40]} 23. f4 {[%clk 1:23:54]} Rdf8 {[%clk 0:51:50]} 24. h5
{[%clk 1:23:32]} c5 {[%clk 0:46:26]} 25. bxc5 {[%clk 1:23:57]} bxc5
{[%clk 0:46:42]} 26. Rfb1 {[%clk 1:24:16]} Ra8 {[%clk 0:45:49]} 27. Rxb5+
{[%clk 1:24:00]} Qxb5 {[%clk 0:45:46]} 28. Rb1 {[%clk 1:24:16]} 1-0

[Event "H. C. Andersen Mindgames"]
[Site "?"]
[Date "2012.05.17"]
[Round "3.12"]
[White "Pedersen, 2112, Henrik Bolding"]
[Black "Rewitz, 2253, FM Poul"]
[Result "1-0"]
[LiveChessVersion "1.3.1"]
[BlackElo "2253"]
[WhiteElo "2112"]

1. e4 {[%clk 1:30:57]} e6 {[%clk 1:30:52]} 2. d4 {[%clk 1:31:09]} d5
{[%clk 1:31:15]} 3. Nc3 {[%clk 1:31:16]} dxe4 {[%clk 1:31:39]} 4. Nxe4
{[%clk 1:31:23]} Nd7 {[%clk 1:31:57]} 5. Nf3 {[%clk 1:30:44]} Ngf6
{[%clk 1:32:16]} 6. Bg5 {[%clk 1:27:48]} Be7 {[%clk 1:32:06]} 7. Nxf6+
{[%clk 1:24:35]} Bxf6 {[%clk 1:30:29]} 8. Qd2 {[%clk 1:22:06]} b6
{[%clk 1:27:59]} 9. Bb5 {[%clk 1:18:04]} Bb7 {[%clk 1:24:38]} 10. Bxf6
{[%clk 1:14:04]} gxf6 {[%clk 1:24:14]} 11. Qe3 {[%clk 1:13:37]} c6
{[%clk 1:18:21]} 12. Bd3 {[%clk 1:09:02]} Qc7 {[%clk 1:17:35]} 13. O-O-O
{[%clk 1:08:18]} O-O-O {[%clk 1:17:28]} 14. Rhe1 {[%clk 1:03:14]} c5
{[%clk 1:14:50]} 15. Be4 {[%clk 1:02:05]} Bxe4 {[%clk 1:06:13]} 16. Qxe4
{[%clk 1:02:24]} Qb7 {[%clk 1:03:21]} 17. d5 {[%clk 0:55:11]} Nf8
{[%clk 0:53:27]} 18. Qf4 {[%clk 0:51:08]} Rg8 {[%clk 0:46:35]} 19. dxe6
{[%clk 0:43:42]} Rxd1+ {[%clk 0:44:41]} 20. Rxd1 {[%clk 0:44:02]} Nxe6
{[%clk 0:38:17]} 21. Qxf6 {[%clk 0:43:46]} Qc7 {[%clk 0:29:31]} 22. g3
{[%clk 0:39:18]} Re8 {[%clk 0:26:58]} 23. Qf5 {[%clk 0:36:59]} h6
{[%clk 0:24:41]} 24. Qd5 {[%clk 0:35:18]} Re7 {[%clk 0:21:50]} 25. c3
{[%clk 0:32:19]} Qb7 {[%clk 0:20:32]} 26. Qd6 {[%clk 0:24:51]} Qc7
{[%clk 0:17:53]} 27. Qd5 {[%clk 0:22:55]} Qb7 {[%clk 0:18:14]} 28. Qf5
{[%clk 0:22:39]} Rd7 {[%clk 0:08:00]} 29. Rxd7 {[%clk 0:21:21]} Qxd7
{[%clk 0:08:25]} 30. Qe4 {[%clk 0:21:18]} Nc7 {[%clk 0:06:13]} 31. Nh4
{[%clk 0:19:28]} Qe6 {[%clk 0:04:25]} 32. Qxe6+ {[%clk 0:19:11]} fxe6
{[%clk 0:04:16]} 33. Ng6 {[%clk 0:18:41]} Nd5 {[%clk 0:04:13]} 34. Kd2
{[%clk 0:17:47]} c4 {[%clk 0:04:19]} 35. Ne5 {[%clk 0:15:52]} b5 {[%clk 0:04:41]}
36. Nf7 {[%clk 0:15:41]} Nf6 {[%clk 0:01:15]} 37. f3 {[%clk 0:15:19]} Nd7
{[%clk 0:01:29]} 38. Nd6+ {[%clk 0:15:00]} Kd8 {[%clk 0:01:09]} 39. Nxb5
{[%clk 0:15:17]} Ne5 {[%clk 0:01:29]} 40. Ke3 {[%clk 0:14:34]} a5
{[%clk 0:01:15]} 41. b3 {[%clk 0:13:17]} Kd7 {[%clk 0:01:12]} 42. Ke4
{[%clk 0:12:18]} cxb3 {[%clk 0:01:12]} 43. axb3 {[%clk 0:12:34]} Nf7
{[%clk 0:01:24]} 44. h4 {[%clk 0:12:40]} Kc6 {[%clk 0:01:26]} 45. Nd4+
{[%clk 0:12:28]} Kd6 {[%clk 0:01:51]} 46. g4 {[%clk 0:12:20]} e5 {[%clk 0:02:11]}
47. Nf5+ {[%clk 0:11:10]} Ke6 {[%clk 0:02:34]} 48. c4 {[%clk 0:10:50]} Nd8
{[%clk 0:02:43]} 49. Nxh6 {[%clk 0:10:10]} Nb7 {[%clk 0:02:54]} 50. Kd3
{[%clk 0:09:59]} Nc5+ {[%clk 0:03:17]} 51. Kc3 {[%clk 0:08:41]} e4
{[%clk 0:03:15]} 52. fxe4 {[%clk 0:08:01]} Nxe4+ {[%clk 0:03:36]} 53. Kb2
{[%clk 0:06:21]} Nd2 {[%clk 0:02:54]} 54. Ka3 {[%clk 0:05:52]} Nf3
{[%clk 0:02:31]} 55. Nf5 {[%clk 0:05:23]} Ke5 {[%clk 0:02:36]} 56. h5
{[%clk 0:04:14]} Kf4 {[%clk 0:02:49]} 57. h6 {[%clk 0:04:21]} Ng5
{[%clk 0:03:13]} 58. c5 {[%clk 0:04:26]} Kxg4 {[%clk 0:02:53]} 59. c6
{[%clk 0:04:10]} 1-0

[Event "H. C. Andersen Mind Games"]
[Site "?"]
[Date "2012.05.17"]
[Round "3.13"]
[White "Christensen, 2251, Bo Garner"]
[Black "Stolberg-Rohr, 1985, WFM Thomine"]
[Result "1-0"]
[BlackElo "1985"]
[WhiteElo "2251"]

1. e4 {[%clk 1:30:56]} g6 {[%clk 1:30:49]} 2. d4 {[%clk 1:31:09]} Bg7
{[%clk 1:31:15]} 3. Nc3 {[%clk 1:31:27]} d6 {[%clk 1:31:34]} 4. f4
{[%clk 1:31:48]} a6 {[%clk 1:25:19]} 5. Nf3 {[%clk 1:29:57]} b5 {[%clk 1:24:32]}
6. Be3 {[%clk 1:28:57]} Bb7 {[%clk 1:24:42]} 7. Bd3 {[%clk 1:29:09]} Nd7
{[%clk 1:23:35]} 8. O-O {[%clk 1:23:09]} c5 {[%clk 1:21:56]} 9. e5
{[%clk 1:21:49]} c4 {[%clk 1:13:48]} 10. Be4 {[%clk 1:20:04]} Bxe4
{[%clk 1:09:27]} 11. Nxe4 {[%clk 1:20:26]} d5 {[%clk 1:09:17]} 12. Neg5
{[%clk 1:19:03]} e6 {[%clk 1:08:26]} 13. f5 {[%clk 1:16:37]} gxf5
{[%clk 1:05:49]} 14. Nxf7 {[%clk 1:16:37]} Kxf7 {[%clk 1:02:22]} 15. Ng5+
{[%clk 1:15:21]} Ke7 {[%clk 1:01:57]} 16. Qh5 {[%clk 1:13:26]} Qe8
{[%clk 1:00:19]} 17. Qh4 {[%clk 1:13:04]} Qg6 {[%clk 0:58:36]} 18. g4
{[%clk 1:06:49]} Ke8 {[%clk 0:48:11]} 19. Nxe6 {[%clk 1:04:30]} Qxe6
{[%clk 0:43:22]} 20. gxf5 {[%clk 1:04:21]} Qf7 {[%clk 0:41:41]} 21. Rae1
{[%clk 0:55:36]} Bf8 {[%clk 0:32:21]} 22. Kh1 {[%clk 0:54:17]} Be7
{[%clk 0:30:00]} 23. f6 {[%clk 0:53:24]} Qg6 {[%clk 0:20:14]} 24. Bd2
{[%clk 0:46:09]} Bd8 {[%clk 0:19:35]} 25. Qh3 {[%clk 0:45:14]} Ne7
{[%clk 0:10:20]} 26. f7+ {[%clk 0:44:57]} Qxf7 {[%clk 0:10:48]} 27. Rxf7
{[%clk 0:45:15]} Kxf7 {[%clk 0:11:14]} 28. Qxd7 {[%clk 0:45:10]} 1-0